000 00503nam a2200217 454500
001 077490
003 BD-ChCU
008 Eng
020 _a9843000007720
040 _aDLC
_cDLC
_dBD-ChCU
082 0 0 _a300.72/A286r
100 1 _aAhmed, Neaz.
_bx
245 1 0 _aResearch methods in social sciences
_bx
250 _ax
260 _aSylhet
_bECDO
_c2007
300 _a182
504 _a
650 0 _aSocial Science-Research
_bSocial Sciences
700 1 _ax
942 _2ddc
_cBK
999 _c77490
_d77490